| 000 | 00000nam##2200000za#4500 |
| 001 | 9.571298 |
| 003 | CaOODSP |
| 005 | 20210624182645 |
| 007 | cr ||||||||||| |
| 008 | 150406|1998||||xxc|||||o f|0| 0 eng|d |
| 040 | |aCaOODSP|beng |
| 043 | |an-cn--- |
| 086 | 1 |aTU3-5/98-18E-PDF |
| 110 | 2 |aTransportation Safety Board of Canada. |
| 245 | 10|aIn-flight wing separation, Skyhopper (Amateur-Built) C-FRDG Smiths Falls-Montague, (Russ Beach) Airport, Ontario 2 mi S, 01 May 1998 |h[electronic resource] |
| 260 | |aGatineau - Quebec : |bTransportation Safety Board of Canada |c[1999]. |
| 300 | |a5p.|bphotographs |
| 490 | 1 |aAviation investigation report |vA98Ø0104 |
| 590 | |a12-01-Supp|b2012-01-13 |
| 775 | 08|tPerte de l'aile en vol, Skyhopper (construction amateur) C-FRDG 2 mi au sud de l'aéroport de Smiths Falls-Montague, (Russ Beach) (Ontario) 1er mai 1998 |w(CaOODSP)9.601914 |
| 830 | #0|aAviation investigation report ;|vA98Ø0104|w(CaOODSP)9.504825 |
| 856 | 40|ahttp://publications.gc.ca|qPDF|s362 KB|uhttps://publications.gc.ca/collections/collection_2011/bst-tsb/TU3-5-98-18-eng.pdf|yA98Ø0104 |